| 000 | 00562nam a2200157 i 4500 | ||
|---|---|---|---|
| 001 | 74074 | ||
| 003 | ES-MaACL | ||
| 005 | 20240426063024.0 | ||
| 007 | t| | ||
| 008 | 040915s1911 sp ||||1| spa d | ||
| 100 | 1 |
_aGonzález del Castillo, Hilarión, _d1869-1941 _958582 |
|
| 245 | 1 | 0 |
_aInforme que ante la Comisión parlamentaria que entiende en el proyecto de Ley de Colonización y Reproducción Interior / _cpresenta Hilarión González del Castillo. |
| 260 |
_aMadrid : _b[s.n., _c1911] |
||
| 852 |
_aES-MaACL _j1536-F-3 |
||
| 999 |
_c74074 _d74074 |
||